1384 1854 1086 1541 1855 1468 1505 1894 1557 1939 1597 1406 1445 1069 1142 1673 1653 1711 1094 1312 1255 1943 1748 1679 1089 1368 1630 1634 1989 1862 1795 1658 1061 1186 1621 1105 1278 1637 1885 1330 1934 1660 1473 1639 1997 1593 1035 1238 1618 1253 1923 1115 1407 1226 1067 1264 1256 1565 1218 1190 1706 1006 1033 1839 1670 1891 1450 1794 1758 1148 1578 1827 1337 1563 1597 1772 1537 1043 1023 1222 1974 1286 1118 1281 1099 1702 1842 1511 1921 1735 1827 1821 1285 1934 1746 1002 1268 1143 1367 BCNSPRNW ULIB Ver.6.0+V

เปลี่ยนเป็นภาษาไทย

Change to English
 แสดงรายละเอียดบรรณานุกรม
  กลับหน้าหลัก

Brief Record : Get Marc (ISO 2709) : E-mail record : QR code < ปิดหน้าต่าง
LEADER : 00000nam 2200000uu 4500
001    13399127178
003     ULIB
008    191019s2017||||th 000 0 tha d
020    ^a9781438077987 (pbk.)
050  4 ^aPE1128^bL887B
100 1  ^aLougheed, Lin,^d1946
245 10 ^aBarron s writing for the TOEFL iBT /^cLin Lougheed
246 30 ^aWriting for the TOEFL iBT
250    ^a6th ed.
260    ^aHauppauge, N.Y. :^bBarron s Educational Series,^c2017
300    ^av, 309 p. :^bill. ;^c28 cm. +^e1 computer optical disc
505 0  ^aIntroduction -- Self-test -- Writing skills: integretedtask -- Writing skills: independent task -- Writing skills-both tasks -- Model tests
650  0 ^aTest of English as a Foreign Language^vStudy guides
650  0 ^aEnglish language^vTextbooks for foreign speakers
650  0 ^aEnglish language^xExaminations^vStudy guides
650  0 ^aEnglish language^xWriting^xProblems, exercises, etc.
653    ^aTOEFL
945    ^p0^l0^i27870
999    ^aกัณชพร จุลอักษร
รายการนี้ยังไม่มีแท็ก
คุณยังไม่ได้ล็อกอิน คุณสามารถมีกิจกรรมร่วมกับเว็บไซต์ได้ แต่ต้องล็อกอินก่อน ::
  ล็อกอิน

รายการสื่อสารสนเทศ

ลำดับที่ ประเภท เลขเรียก/บาร์โค้ด สถานที่ สถานะ
1. วิทยาศาสตร์การแพทย์ และสุขภาพ
วิทยาศาสตร์การแพทย์ และสุขภาพ
PE1128 L887B ฉ.1 
  Barcode: 27870
ห้องสมุดวิทยาเขตนครสวรรค์
►หนังสือทั่วไป:l:General Books
บนชั้น

BibComment


ยังไม่เคยถูกคอมเมนท์

คอมเมนท์ทรัพยากรรายการนี้
  คอมเมนท์: Barron s writing..


 Copyright 2026. Bcnsprnw @Library